000 00292pab a2200109 454500
008 180718b xxu||||| |||| 00| 0 eng d
100 _aSethumadhava Rao, P.H
245 _aInterdisciplinary studies and higher education
650 _aEducation, Higher
773 _aUniversity News
909 _a21527
999 _c21527
_d21527